| 000 | 00606nam a2200229Ia 4500 | ||
|---|---|---|---|
| 003 | OSt | ||
| 005 | 20220928113631.0 | ||
| 006 | a|||||r|||| 00| 0 | ||
| 007 | ta | ||
| 008 | 220927b |||||||| |||| 00| 0 eng d | ||
| 024 | _a15737 | ||
| 037 | _cTextual | ||
| 040 |
_aSDCL _cSDCL _beng |
||
| 041 |
_2eng _aeng |
||
| 082 | _aO-:gN2, P4 | ||
| 100 |
_aAyers David _9434170 |
||
| 245 | 0 | _aEnglish literature of the 1920s. | |
| 260 |
_aEdinburgh _bEdinburgh University Press _c1999 |
||
| 300 |
_avii,243p. _ccm. |
||
| 942 |
_hO-:gN2, P4 _cTEXL _2CC |
||
| 999 |
_c750547 _d750547 |
||